Регионална библиотека "Любен Каравелов" - Русе

Владимир Димитров - Майстора (Запис номер 115556)

MARC детайли
000 -Лидер
Контролно поле с фиксирана дължина 01971nam a2200397 a 4500
003 - Код на организацията, давaща контролен номер
Контролно поле BLK
005 - Дата и час на последна редакция
Контролно поле 20250129005526.0
008 - Елементи от данни с фиксирана дължина
fixed length control field 180409b bul|||||r ||||||| ||bul||
010 ## - Наследен системен номер
LC control number KNG00121041000
040 ## - Източник на каталожния запис
Идентификатор на билиотеката - собственик на записа BLK
041 ## - Код за език
Код за езика на текст/звукозапис или на отделно заглавие Български
Код за езика КДБФ Български
080 ## - УДК
Текстов определител УДК Живопис - художници
УДК код - определител по УДК 75.071.1
УДК определител (497.2)(092)
УДК - код + определител 75.071.1(497.2)(092)
080 ## - УДК
Текстов определител УДК Владимир Димитров Поппетров. Български художник
УДК код - определител по УДК 929 Димитров - Майстора, Владимир
УДК - код + определител 929 Димитров - Майстора, Владимир
100 ## - Редна дума - Автор
Автор Струмски, Георги
Дати, свързани с автора 1932 - 2013
Автор - информация (биография) Писател, поет, преводач от руски език.
Пълна форма на името Йорданов, Георги Асенов
R(LIN) 375654
139 ## - Редно поле
Редна дума Струмски, Георги
Авторски знак Дими - Д 58
245 10 - Сведения за заглавието
Заглавие Владимир Димитров - Майстора
Редно поле (дума) Георги Струмски; * Владимир Димитров Поппетров
257 ## - Страна на издаване
Страна на създаване/издаване България
260 ## - Област на издателските данни
Място на издаване, разпространение и проч. София
Име на издателя, разпространителя и проч. Нар. младеж
Година на издаване 1980
300 ## - Физическа характеристика
Страници 135 с.
Илюстрации и др. 8 л. ил.
Размери/Мащаб 21 см
380 ## - Жанр
Жанр Изкуство
490 ## - СЕРИИ (Колекции)
Име на серия Библиотека България в образи
9 (RLIN) 204857
490 ## - СЕРИИ (Колекции)
Име на серия Книги за видни българи
№: серия 38
9 (RLIN) 204612
500 ## - Общи забележки
Забележка Съдържа и Живот в Дати. - Пълното име е Владимир Димитров Поппетров.
600 14 - Име на лице, използвано като предмет
За него / За нея Димитров - Майстора, Владимир
9 (RLIN) 370503
650 #4 - Допълнително описание по предмет – тема
Основно описание – тема или топоним Живопис
9 (RLIN) 155358
650 #4 - Допълнително описание по предмет – тема
Основно описание – тема или топоним Живопис - България
9 (RLIN) 242598
653 ## - Ключова дума – ненормативна
Ключова дума живопис
653 ## - Ключова дума – ненормативна
Ключова дума България
653 ## - Ключова дума – ненормативна
Ключова дума Наум Охридски
700 1# - Други автори (авторска отговорност)
Лично име Поппетров, Владимир Димитров
Автороска отговорност (Описва отношението между автора и произведението) *
9 (RLIN) 314179
852 ## - Местоположение
Форматна сигнатура Цб 102824
Фондова буква Хранилище
856 4# - Електронен адрес и достъп
Електронен формат pdf - файл
Инструкция (цена за достъп) 0.00
Права за достъп disable
999 ## - СИСТЕМНИ КОНТРОЛНИ НОМЕРА
Koha biblionumber 115556
Koha biblioitemnumber 115556
942 ## - АРТИКУЛИ
Вид на библиотечния материал Книги
Скрит в OPAC Не
Koha issues (borrowed), all copies 1
Периодичен библиозапис Да
944 ## - СЪЗДАВАНЕ И РЕДАКЦИЯ на ЗАПИСА
Създаване/Редакция Създаване
Дата на регистрацията/редакция 28.01.2011
Статус, дата на статуса CRON CRON
Служител, извършил регистрацията/редакцията
944 ## - СЪЗДАВАНЕ И РЕДАКЦИЯ на ЗАПИСА
Създаване/Редакция Редакция
Дата на регистрацията/редакция 29.09.2015
Статус, дата на статуса добави в АБ / 27.01.2011
Наличности
Код за отписване Код за изгубен артикул Източник на класификационната схема Код за повреда Коз за рестрикции Код за отдаване Артикулен № Име на библиотеката - собственик Име на библиотеката, в която се намира в момента Статус (Текущо местоположение) Дата на вписване в системата Местоположение - отдел Цена в лева Инвентарен номер Систематично азбучна сигнатура Баркод Номер на екземпляра Цена в евро Служебна бележка Служебен тип на артикула
  Не е изгубен Universal Decimal Classification Не е повреден без рестрикции заемане за дома 185648 Регионална библиотека "Любен Каравелов" Русе Регионална библиотека "Любен Каравелов" Русе Отдел Изкуство - подръчен фонд 1980-01-01 Отдел Изкуство - подръчен фонд 1.17 302529 75(497.2)(092)/Д 58 120000302529 1 0.60 N: стар фонд Дата: 01.01.1980 Дата инв: 08.06.2012 Бележки инв: * Книги
Изтеглен Не е изгубен Universal Decimal Classification Не е повреден без рестрикции заемане за дома 185649 Регионална библиотека "Любен Каравелов" Русе Регионална библиотека "Любен Каравелов" Русе Отдел Изкуство - подръчен фонд 1980-01-01 Отдел Изкуство - подръчен фонд 1.17 302527 75(497.2)(092)/Д 58 302527 2 0.60 Дост: Pk Вид: Ф N: стар фонд Дата: 01.01.1980 Дата инв: 13.02.2015 Бележки инв: ИП2015 Книги
Изтеглен Не е изгубен Universal Decimal Classification Не е повреден без рестрикции заемане за дома 185650 Регионална библиотека "Любен Каравелов" Русе Регионална библиотека "Любен Каравелов" Русе Отдел Изкуство - подръчен фонд 1980-01-01 Отдел Изкуство - подръчен фонд 1.17 302528 75(497.2)(092)/Д 58 302528 3 0.60 Дост: Pk Вид: Ф N: стар фонд Дата: 01.01.1980 Дата инв: 13.02.2015 Бележки инв: ИП2015 Книги
  Не е изгубен Universal Decimal Classification Не е повреден само за читалня ползва се в читалня 185651 Регионална библиотека "Любен Каравелов" Русе Регионална библиотека "Любен Каравелов" Русе Хранилище 1980-01-01 Хранилище 1.17 302006 Цб 102824 120000302006 4 0.60 Дост: Dp Вид: Д N: стар фонд Дата: 01.01.1980 Книги
Изтеглен Не е изгубен Universal Decimal Classification Не е повреден без рестрикции заемане за дома 185652 Регионална библиотека "Любен Каравелов" Русе Регионална библиотека "Любен Каравелов" Русе Детски отдел 1980-01-01 Детски отдел 1.17 302449 Д 75/Д 58 302449 5 0.60 Дост: Pk Вид: Ф N: стар фонд Дата: 01.01.1980 Дата инв: 02.10.2015 Бележки инв: Д2015 Книги
Изтеглен Не е изгубен Universal Decimal Classification Не е повреден без рестрикции заемане за дома 185653 Регионална библиотека "Любен Каравелов" Русе Регионална библиотека "Любен Каравелов" Русе Детски отдел 1980-01-01 Детски отдел 1.17 570982 Д 75/Д 58 570982 6 0.60 Дост: Pk Вид: Ф N: стар фонд Дата: 01.01.1980 Дата инв: 30.09.2015 Бележки инв: Д2015 Книги
Vip Innovations Ltd, Rousse, Bulgaria 2025